[Event "CRO Team Cup 2018"]
[Site "Mali Losinj"]
[Date "2018.05.19"]
[Round "2.1"]
[White "Livaic, Leon"]
[Black "Ivanchuk, Vassily"]
[Result "1-0"]
[WhiteElo "2497"]
[BlackElo "2708"]
[Annotator "TA"]
[PlyCount "55"]
[EventDate "2018.??.??"]
[EventType "team-tourn"]
[EventCountry "CRO"]
[SourceTitle "playchess.com"]
[Source "ChessBase"]
[SourceQuality "1"]

{[%evp 18,55,15,9,21,3,0,0,2,-41,-41,-52,-52,-50,-50,-50,-51,-63,-70,-65,-74,-83,-66,-119,-74,-135,-99,-104,-104,-90,-106,-163,-150,-135,-122,-142,-129,-126,639,639]} 1. d4 Nf6 2. c4 e6 3. Nf3 d5 4. Nc3 Nbd7 5. cxd5 exd5 6. Bg5 Bb4 7. e3 c5 8. dxc5 Qa5 9. Bxf6 Nxf6 10. Qd4 {LiveBook: 3 Partien. D38: Damengambit (Ragosin-Verteidigung)} Be6 $146 ({Vorgänger:} 10... O-O 11. Bd3 Bg4 12. O-O Bxf3 13. gxf3 Rad8 14. Nb5 Rc8 15. Rfc1 b6 16. cxb6 axb6 17. a3 Bc5 {1-0 (45) Danielian,E (2496)-Pashikian,A (2621) Yerevan 2009}) 11. Rc1 Rc8 12. a3 {Die Stellung ist ausgeglichen.} Bxc5 13. Qd2 {[#]} Bxa3 $1 {[%mdl 512] ...Se4 ist eine echte Drohung.} 14. Bb5+ (14. bxa3 Ne4) 14... Kd8 {[%cal Be8d8,Bd8e7,Be7f8,Bf8g8][%mdl 32] Droht ...Se4! und aus.} 15. O-O ({Vergiftet wäre} 15. bxa3 $2 Ne4 $19) 15... Bb4 $1 {[%cal Rb4c3] Droht stark ...Lxc3.} 16. Be2 Ke7 17. Qd4 a6 18. Qh4 h6 19. Rfd1 Rhd8 20. Nd4 ({Lieber} 20. Ra1 $15 Qb6 21. Na4) 20... Kf8 21. g4 ({Besser ist} 21. Nb3 Qb6 22. Na4) 21... Kg8 {[%cal Rb4c3]} 22. g5 hxg5 23. Qxg5 Bxc3 24. bxc3 (24. Rxc3 $17 Ne4 25. Ra3) 24... Ne4 $19 ({Schlechter ist} 24... Rxc3 25. Nxe6 fxe6 26. Qe5 $11) 25. Qh4 Rd6 ({Ein No Go ist} 25... Rxc3 $6 26. Nxe6 fxe6 27. Qe7 $11) 26. f3 Nxc3 27. Bd3 Nxd1 $4 {[%mdl 8192] [#]} (27... Qd8 $17 28. Qh7+ Kf8) 28. Nxe6 $1 {[%mdl 512] Precision: Weiß = 54%, Schwarz = 68%.} 1-0

[Event "CRO Team Cup 2018"]
[Site "Mali Losinj"]
[Date "2018.05.17"]
[Round "2.2"]
[White "Kozul, Zdenko"]
[Black "Vujakovic, Branko"]
[Result "1-0"]
[WhiteElo "2597"]
[BlackElo "2335"]
[Annotator "TA"]
[PlyCount "67"]
[EventDate "2018.??.??"]
[EventType "team-tourn"]
[EventCountry "CRO"]
[SourceTitle "playchess.com"]
[Source "ChessBase"]
[SourceQuality "1"]

{[%evp 21,67,39,43,43,48,48,60,61,65,73,68,66,75,54,180,126,140,138,159,153,164,156,331,331,329,330,327,313,359,350,356,341,336,339,360,346,435,425,422,391,487,486,475,480,476,473,458,450]} 1. d4 Nf6 2. c4 g6 3. Nc3 d5 4. Nf3 Bg7 5. Qb3 dxc4 6. Qxc4 O-O 7. e4 Nc6 8. Be2 Bg4 9. d5 Na5 10. Qb4 Bxf3 11. Bxf3 c6 12. O-O {D98: Grünfeld: Russian System: 7 e4 Bg4} cxd5 (12... Qb6 13. Qa4 Nd7 14. Rd1 Rfd8 15. Qc2 Rac8 16. Bg5 cxd5 17. Nxd5 Rxc2 18. Nxb6 axb6 19. Bxe7 Rdc8 20. Rxd7 {1-0 (41) Wojtaszek,R (2705)-Nyback,T (2631) Porto Carras 2011}) 13. Nxd5 e6 14. Ne7+ {White is slightly better.} Kh8 15. Rd1 Qb6 16. Qa4 $1 {And now e5 would win.} Qc5 {[#]} 17. e5 $1 {[%mdl 512]} Ne8 $146 {[#]} (17... Ng8 $14) (17... Qxe5 18. Bf4) ({Predecessor:} 17... Ng8 18. Bf4 Qxe7 19. Qxa5 b6 {½-½ (36) Burger,H (2516)-Schwetlick,T (2465) ICCF email 2007}) 18. Bf4 (18. Be3 $1 $18 {[%cal Re3c5]} Qxe5 19. Rac1) 18... Nc4 19. Rac1 {[%cal Ba1c1,Bc1c5,Bc5a5][%mdl 32]} ({Weaker is} 19. Bxb7 Rb8 $15) 19... Nxb2 20. Rxc5 Nxa4 {[#]} 21. Ra5 $1 $36 {[%cal Ra5a4][%mdl 2048] White is on the roll.} ({Stronger than} 21. Bxb7 Rb8 $15) 21... Nc3 $2 (21... Nb2 $16 {was necessary.}) 22. Rc1 $18 Nd5 23. Nxd5 exd5 24. Rxd5 ({Much less strong is} 24. Bxd5 b6 $18) 24... a5 25. a4 Ra6 26. Rb5 Re6 27. Bxb7 Re7 {Now ...Nc7 and Black clings on.} 28. Bc6 f6 29. Rxa5 fxe5 30. Be3 Rc7 31. Ra7 {White is clearly winning.} Rxa7 32. Bxa7 Bh6 33. Rb1 Nc7 34. Bb8 {Precision: White = 98%, Black = 46%.} 1-0

[Event "CRO Team Cup 2018"]
[Site "Mali Losinj"]
[Date "2018.05.19"]
[Round "2.3"]
[White "Blazeka, Matej"]
[Black "Stevic, Hrvoje"]
[Result "0-1"]
[WhiteElo "2312"]
[BlackElo "2588"]
[Annotator "TA"]
[PlyCount "72"]
[EventDate "2018.??.??"]
[EventType "team-tourn"]
[EventCountry "CRO"]
[SourceTitle "playchess.com"]
[Source "ChessBase"]
[SourceQuality "1"]

{[%evp 23,72,8,13,6,29,21,0,0,19,-18,-22,-14,-5,-3,0,0,29,31,70,45,59,47,58,59,47,19,53,49,79,24,23,-169,-85,-125,-143,-132,-145,-145,-137,-144,-139,-130,-135,-230,-236,-235,-232,-228,-230,-214,-206]} 1. e4 e5 2. Nf3 Nc6 3. Bc4 Nf6 4. d3 Be7 5. O-O O-O 6. Re1 d6 7. a4 Na5 8. Ba2 {C55: Two Knights: 4 d3, 4 d4 exd4 5 e5 and Max Lange Attack} c5 9. Nc3 (9. c3 Nc6 10. Na3 a6 11. Nc2 h6 12. Ne3 Re8 13. h3 Bf8 14. Nd5 Rb8 15. Be3 Be6 {½-½ (43) Van Foreest,J (2629)-Harikrishna,P (2744) Riadh 2017}) 9... Nc6 10. Nd5 Nxd5 11. Bxd5 Be6 12. c3 Qd7 {LiveBook: 4 Games} 13. h3 f5 $146 ({Predecessor:} 13... Bf6 14. Nh2 g6 15. Ng4 {½-½ (65) Horvath,A (2519)-Zsifkovits,R (2149) Zalakaros 2009}) 14. Bd2 Bxd5 15. exd5 Nd8 16. b4 cxb4 17. cxb4 Nf7 18. b5 Bd8 19. Qb3 Bb6 20. a5 Bc5 21. Ra4 Rae8 22. d4 exd4 23. Nxd4 {aiming for Ne6.} Rxe1+ 24. Bxe1 Re8 25. Bd2 $1 Nd8 26. Qd3 (26. a6 $16) 26... Re4 $11 27. g4 $2 (27. Bc3 $11) 27... Qf7 ({Black should try} 27... Nf7 $19 28. Bc3 Ne5) 28. f3 Rxd4 29. Rxd4 Qxd5 30. Be3 Bxd4 ({Not} 30... Qxf3 31. Bf2 $18) 31. Qxd4 Qxd4 ({Don't take} 31... Qxf3 32. Bf2 $15) ({Much weaker is} 31... Qxb5 $6 32. Qxd6 Qxa5 33. Qd7 $11) 32. Bxd4 $17 {[#] KB-KN} a6 $1 33. bxa6 (33. Bb6 $17 {is the only way for White.} Nf7 34. bxa6 bxa6 35. Kg2) 33... bxa6 $19 34. gxf5 Nc6 35. Bc3 {[#]} Kf7 $1 36. Kf2 Ne7 {Precision: White = 38%, Black = 53%.} 0-1

[Event "CRO Team Cup 2018"]
[Site "Mali Losinj"]
[Date "2018.05.19"]
[Round "2.4"]
[White "Palac, Mladen"]
[Black "Brumen, Dinko"]
[Result "1/2-1/2"]
[WhiteElo "2548"]
[BlackElo "2319"]
[Annotator "TA"]
[PlyCount "59"]
[EventDate "2018.??.??"]
[EventType "team-tourn"]
[EventCountry "CRO"]
[SourceTitle "playchess.com"]
[Source "ChessBase"]
[SourceQuality "1"]

{[%evp 18,59,40,35,36,32,34,29,45,28,29,25,30,28,22,23,31,27,23,26,31,26,44,38,39,49,28,27,22,27,20,25,47,29,45,49,66,36,56,52,54,47,93,59]} 1. Nf3 Nf6 2. c4 e6 3. Nc3 d5 4. d4 Nbd7 5. Bf4 a6 6. cxd5 {D37: Queen's Gambit Declined: 5 Bf4} exd5 7. e3 Be7 8. Bd3 O-O 9. O-O Re8 10. Qc2 {[#] LiveBook: 3 Games. Hoping for Nb5!} Nf8 {[%cal Bd7f8,Bf8e6,Be6g7,Bg7f5][%mdl 32]} 11. h3 c6 12. Rab1 Ne6 13. Be5 g6 14. b4 Ng7 15. a4 {[%cal Ba2a4,Ba4b5][%mdl 32]} Bf5 $146 ({Predecessor:} 15... b5 16. Na2 Bb7 {1-0 (85) Marichal Gonzalez,A (2319)-Martis,V (1994) Cumana 2016}) 16. b5 axb5 17. axb5 Bxd3 18. Qxd3 Nf5 19. Rfc1 Ra3 20. Qc2 Qa8 21. bxc6 bxc6 22. e4 dxe4 23. Nxe4 Nxe4 24. Qxe4 f6 25. Bh2 $36 {[%mdl 2048] White is pushing.} ({Reject} 25. Rxc6 fxe5 26. Qd5+ Kh8 $17) 25... Bc5 26. Qc2 Rxf3 27. Qc4+ Kg7 28. dxc5 Ra3 29. Rd1 {And now g4 would win.} Re7 30. Bd6 {Precision: White = 74%, Black = 75%.} 1/2-1/2

[Event "CRO Team Cup 2018"]
[Site "Mali Losinj"]
[Date "2018.05.17"]
[Round "2.5"]
[White "Saric, Ivan"]
[Black "Nemeth, Miklos"]
[Result "1-0"]
[WhiteElo "2685"]
[BlackElo "2491"]
[Annotator "TA"]
[PlyCount "120"]
[EventDate "2018.??.??"]
[EventType "team-tourn"]
[EventCountry "CRO"]
[SourceTitle "playchess.com"]
[Source "ChessBase"]
[SourceQuality "1"]

{[%evp 29,120,27,29,6,11,10,19,5,27,0,8,2,27,23,19,29,21,33,30,19,15,0,29,20,22,13,13,13,13,12,20,0,18,20,47,47,43,45,47,48,39,44,42,43,43,40,49,0,2,3,5,4,2,0,0,0,13,5,6,0,8,0,29,29,29,29,29,29,29,29,58,58,58,58,70,72,73,87,90,87,88,88,106,106,107,107,136,130,119,122,590,590,29978]} 1. e4 e5 2. Nf3 Nc6 3. Bb5 {[%cal Bf1b5,Bb5a4,Ba4b3][%mdl 32]} a6 4. Ba4 Nf6 5. O-O Be7 6. Re1 b5 7. Bb3 d6 8. c3 O-O 9. h3 Bb7 10. d4 Re8 11. Nbd2 Bf8 12. a3 h6 13. Bc2 Nb8 14. b3 Nbd7 15. Bb2 {C93: Closed Ruy Lopez: Smyslov Variation} c6 {[#] LiveBook: 7 Games} 16. Nf1 $146 ({Predecessor:} 16. Bd3 g6 17. Rb1 Rc8 18. a4 Bg7 19. Bf1 Qc7 20. axb5 axb5 21. b4 d5 22. exd5 Nxd5 {½-½ (71) Sasikiran,K (2637)-Inarkiev,E (2677) Moscow 2016}) 16... Qc7 17. Ng3 {The position is equal.} g6 18. c4 Bg7 19. Rc1 bxc4 20. bxc4 Rab8 21. c5 exd4 22. cxd6 Qxd6 23. Bxd4 {[#] And now e5 would win.} c5 24. Ba1 Qxd1 25. Rcxd1 Nf8 26. e5 Nd5 27. Ne4 {Nd6 is the strong threat.} Nf4 28. h4 Red8 29. g3 N4e6 30. Kg2 Nd7 31. Nd6 Bxf3+ 32. Kxf3 Nd4+ 33. Bxd4 cxd4 34. Nxf7 $1 ({Don't blunder} 34. Rxd4 $2 Nxe5+ 35. Ke2 {[#]} Nf3 $1 $19 {[%mdl 512]}) 34... Kxf7 35. e6+ Kf6 {White must now prevent ...Ne5+.} 36. exd7 Rxd7 37. Re4 Kf7 38. g4 Bf6 39. g5 hxg5 40. hxg5 Bxg5 41. Rg4 Bf6 42. Bxg6+ Kf8 43. Rf4 Rd6 44. a4 Ke7 45. Rh1 Rh8 46. Rxh8 Bxh8 $11 {[%mdl 4096] Endgame KRB-KRB} 47. Rf7+ Ke6 48. Rh7 Bf6 49. Bd3 a5 50. Ke4 Bd8 51. f4 Kf6 52. f5 Kg5 53. Ke5 Rb6 54. Rg7+ ({Don't play} 54. Kxd4 $6 Rb4+ 55. Ke3 Bb6+ 56. Kf3 Rf4+ 57. Kg3 Bf2+ 58. Kg2 Bd4 $11) 54... Kh6 55. Rg8 Bc7+ 56. Kd5 Rd6+ 57. Kc5 Rd8 58. Rg6+ Kh5 59. f6 {[%cal Bf5f6,Bf6f7][%mdl 32] aiming for f7.} Be5 $2 {[%mdl 8192]} (59... Bd6+ $16 {is more resistant.} 60. Kc4 Bb4) 60. f7 $18 Bd6+ {Precision: White = 71%, Black = 49%.} 1-0

[Event "CRO Team Cup 2018"]
[Site "Mali Losinj"]
[Date "2018.05.17"]
[Round "2.6"]
[White "Krstic, Uros"]
[Black "Markus, Robert"]
[Result "0-1"]
[WhiteElo "2377"]
[BlackElo "2603"]
[Annotator "TA"]
[PlyCount "118"]
[EventDate "2018.??.??"]
[EventType "team-tourn"]
[EventCountry "CRO"]
[SourceTitle "playchess.com"]
[Source "ChessBase"]
[SourceQuality "1"]

{[%evp 21,118,0,2,0,-12,-12,0,-13,0,-10,0,16,60,75,62,69,64,68,89,93,86,31,148,146,108,64,71,71,133,118,211,47,66,35,47,-135,-126,-418,-423,-419,-354,-354,-82,-82,-82,-294,-291,-286,-284,-317,-302,-339,-339,-339,-339,-342,-342,-342,-337,-327,-320,-342,-342,-439,-417,-389,-335,-327,-327,-327,-327,-577,-577,-562,-559,-636,-634,-636,-628,-633,-589,-933,-892,-991,-1005,-973,-909,-879,-822,-676,-570,-1317,-1018,-865,-858,-29974,-29976,-29977,-29978]} 1. d4 Nf6 2. Nf3 e6 3. Bf4 b6 4. e3 Bb7 5. Nbd2 d6 6. h3 Nbd7 7. c3 g6 8. Be2 Bg7 9. O-O O-O 10. a4 {A48: 1 d4 Nf6 2 Nf3 g6: Torre, London and Colle Systems} a5 11. Bh2 Qe7 {LiveBook: 14 Games} 12. b4 {The position is equal.} (12. Nc4 Ne4 13. Nfd2 Nxd2 14. Nxd2 f5 15. Bf3 Bxf3 16. Qxf3 g5 17. e4 f4 18. Qe2 c5 19. Qd3 h5 20. f3 Qf6 {½-½ (72) Cacho Reigadas,S (2511)-Morozevich,A (2731) Bilbao 2014}) 12... axb4 $146 ({Predecessor:} 12... e5 13. Qb3 Ne4 14. Nxe4 Bxe4 15. Nd2 Bb7 16. Bf3 e4 17. Be2 Kh8 18. bxa5 Rxa5 {0-1 (47) Giannatos,P (2284)-Li,R (2561) Forth Worth 2017}) 13. cxb4 Ra7 14. Qb3 Rfa8 15. Rfc1 c5 16. Bb5 d5 17. bxc5 bxc5 18. dxc5 Nxc5 19. Qb4 Bf8 {[#]} 20. Be5 $1 $36 {[%mdl 2048] Keeping Black busy.} Ba6 21. Rxc5 (21. Bd4 $16 {[%cal Rd4c5]} Nce4 22. Qxe7 Rxe7 23. Rc6 Bxb5 24. axb5 Rxa1+ 25. Bxa1) 21... Ne4 (21... Qxc5 $14 22. Qxc5 Bxc5 23. Bxa6 Rxa6 24. Bxf6 Bf8) 22. Nxe4 $16 dxe4 23. Qxe4 Qxc5 24. Bd4 Bb7 ({Black should try} 24... Qc7 25. Bxa7 Rxa7) 25. Qh4 Qf5 {[#]} ({Don't blunder} 25... Qxb5 $2 26. Qf6 $18) (25... Qe7 $16 {might work better.}) 26. Bxa7 $2 (26. e4 $1 $18 {[%cal Re4f5]} g5 27. Nxg5 (27. exf5 gxh4 28. Bxa7 Rxa7 $16)) 26... Rxa7 $14 27. Nd4 Qd5 {[%csl Gb7][%cal Rd5g2]} 28. Nf3 $2 {[#]} (28. Bf1 $14 {keeps the upper hand.}) 28... Qxb5 $1 $17 {[%mdl 512]} 29. Ng5 $2 {[%mdl 8192]} (29. axb5 $17 Rxa1+ 30. Kh2 Bd6+ 31. Ne5 Bxe5+ 32. f4) 29... h6 $19 30. axb5 Rxa1+ 31. Kh2 hxg5 $2 (31... Bd6+ $19 32. f4 Ra2) 32. Qd4 $17 Rb1 33. Qd7 $2 (33. Qb6 $17 Bd5 34. Qb8) 33... Bd5 $19 34. f3 Bc4 35. b6 Rxb6 36. Qd8 Rb5 37. Qc8 Rc5 38. Qd8 Kg7 39. e4 Bf1 40. Qd1 Bb5 41. Qa1+ e5 42. Qb2 Bc4 43. Qd2 Be7 44. Qd7 Kf8 45. Qa7 Rc8 46. Qe3 $2 (46. Qa5 {was worth a try.}) 46... Be6 47. Qd2 Kg7 48. Qb2 Kf6 49. Qf2 Bc5 50. Qd2 Ra8 51. Qc3 Bd4 52. Qc1 Ra1 53. Qd2 Ra2 54. Qc1 Bb6 55. Kh1 Ba5 56. Kg1 Bd2 57. Qc5 Bf4 58. Qc3 Bg3 59. Kf1 Rf2+ {Precision: White = 41%, Black = 62%.} 0-1

[Event "CRO Team Cup 2018"]
[Site "Mali Losinj"]
[Date "2018.05.19"]
[Round "2.7"]
[White "Kuljasevic, Davorin"]
[Black "Trbojevic, Mladen"]
[Result "1-0"]
[WhiteElo "2534"]
[BlackElo "2343"]
[Annotator "TA"]
[PlyCount "95"]
[EventDate "2018.??.??"]
[EventType "team-tourn"]
[EventCountry "CRO"]
[SourceTitle "playchess.com"]
[Source "ChessBase"]
[SourceQuality "1"]

{[%evp 27,95,21,59,68,64,48,97,97,123,54,104,82,94,100,114,120,125,133,170,166,166,163,181,169,185,171,174,161,165,160,185,181,178,168,177,123,364,372,369,352,363,357,452,422,518,272,249,280,270,249,255,246,299,321,299,234,230,217,513,417,688,704,631,644,617,547,5210,5014,1377,787]} 1. d4 Nf6 2. c4 g6 3. Nf3 Bg7 4. g3 O-O 5. Bg2 d5 6. cxd5 Nxd5 7. O-O Nb6 8. Nc3 Nc6 9. e3 {[%cal Be2e3,Be3e4,Be4e5][%mdl 32]} Re8 10. h3 a5 {D76: Grünfeldindisch (Fianchetto HV 7... Sb6)} (10... e5 11. d5 Na5 12. Qc2 Nac4 13. e4 Nd6 14. b3 f5 15. Rd1 fxe4 16. Ng5 Nf5 17. Ngxe4 Nd4 18. Qd3 Bf5 {0-1 (38) Santos Ruiz,M (2510)-Sutovsky,E (2673) Caleta 2018}) 11. d5 Nb4 12. e4 c6 13. a3 Na6 14. Be3 Nc4 {LiveBook: 3 Partien} 15. Qe2 Nxe3 16. Qxe3 Qd6 $146 ({Vorgänger:} 16... Bxc3 17. bxc3 cxd5 18. Qh6 {½-½ (79) Kursova,M (2351)-Balaian,A (2237) Belgrade 2013}) 17. e5 Qc5 {[#]} 18. Qf4 (18. Nd4 $1 $16) 18... h6 19. Rfd1 {[%cal Bf1d1,Bd1d5,Bd5b5][%mdl 32]} cxd5 20. Rxd5 Qb6 21. Rb5 $36 {[%mdl 2048] Läuft bei Weiss.} Qa7 22. Rxa5 Bd7 23. Rd1 Bc6 24. Nd4 Bxg2 25. Kxg2 b6 26. Rd5 Qb7 {[#] Und weiter mit ...e6 wäre nett.} 27. Kg1 Nc5 28. Ndb5 Rac8 29. Qe3 Qb8 30. h4 Ne6 31. Nd4 ({Günstiger ist} 31. f4 $18) 31... Nc5 $2 (31... Nxd4 $16 {war angesagt.} 32. R1xd4 (32. Qxd4 e6 $16) 32... e6) 32. e6 $18 fxe6 33. Nxe6 Nxe6 34. Qxe6+ Kh7 35. h5 gxh5 36. Rxh5 {Tdd5 ist eine echte Drohung.} Rc5 37. Nd5 Qc8 38. Qe4+ Kh8 39. b4 Rc1 40. Rxc1 Qxc1+ 41. Kg2 Qxa3 42. Nxb6 Qb2 $2 (42... Qa6 {war nötig.}) 43. Nd5 Rf8 (43... Qa2 $142 44. Qe6 Rf8) 44. Nf4 {Weiß steht klar auf Gewinn.} Kg8 45. Qe6+ Kh7 46. Qxe7 Rf6 47. Qe4+ Kg8 48. Rd5 {Precision: Weiß = 62%, Schwarz = 38%.} 1-0

[Event "CRO Team Cup 2018"]
[Site "Mali Losinj"]
[Date "2018.05.19"]
[Round "2.8"]
[White "Horvat, David"]
[Black "Plenca, Jadranko"]
[Result "0-1"]
[WhiteElo "2191"]
[BlackElo "2487"]
[Annotator "TA"]
[PlyCount "70"]
[EventDate "2018.??.??"]
[EventType "team-tourn"]
[EventCountry "CRO"]
[SourceTitle "playchess.com"]
[Source "ChessBase"]
[SourceQuality "1"]

{[%evp 17,70,-26,-32,-51,-23,-14,-22,-74,-68,-64,-63,-59,-61,-48,-42,-50,-56,-45,-41,-64,-55,-108,-112,-95,-82,-76,-35,-44,-38,-84,-68,-54,-69,-63,-68,-202,-73,-98,-110,-144,-150,-136,-136,-168,-171,-260,-225,-383,-387,-651,-644,-972,-1020,-970,-971]} 1. e4 e5 2. Nf3 Nc6 3. d4 exd4 4. Nxd4 Nf6 {[%cal Bg8f6,Bf6d5,Bd5f4][%mdl 32]} 5. Nxc6 bxc6 6. Qe2 {C45: Schottische Partie} a5 7. e5 Nd5 8. c4 Bb4+ 9. Nd2 Nf4 {LiveBook: 3 Partien} 10. Qe4 $146 ({Vorgänger:} 10. Qe3 Ng6 11. a3 Be7 12. Nf3 d6 13. Bd2 Nxe5 14. Nxe5 dxe5 {½-½ (33) Hracek,Z (2598)-Kryvoruchko,Y (2691) Gjakova 2016}) 10... Ne6 11. a3 Be7 12. f4 (12. Nf3 $11) 12... d5 13. cxd5 Nc5 14. Qf3 cxd5 15. Bb5+ Bd7 16. Bxd7+ Qxd7 17. O-O $1 f5 18. exf6 Bxf6 19. Re1+ {[#]} ({Besser ist} 19. Qe2+ $15 Kf7 20. Nf3) 19... Kf7 $1 $17 20. Nf1 Rhe8 21. Be3 Nb3 22. Rad1 c6 23. Bf2 a4 {...Txe1 ist eine echte Drohung.} 24. Re2 Rxe2 25. Qxe2 Re8 $36 {[%mdl 2048] Schwarz drückt.} 26. Qa6 {[#]} (26. Qc2 $1 $15) 26... Re4 ({Schlechter ist} 26... Bxb2 27. Rb1 $14) (26... Qg4 $1 $19 {[%cal Rg4d1] ist viel giftiger.} 27. Rb1 Qf5) 27. Ng3 Rxf4 28. Be3 Qg4 29. Re1 Rc4 30. Qb7+ Kg6 31. Qa8 ({Ein No Go ist} 31. Rf1 d4) (31. Qc7 {war nötig.}) 31... h6 $19 32. Qe8+ $2 (32. Kh1 {kämpft weiter.}) 32... Kh7 33. Nh5 $2 (33. Rf1 Qg6 34. Qc8) 33... Bxb2 {Schwarz steht klar auf Gewinn.} 34. Bxh6 Re4 35. Rxe4 Qxe4 {Precision: Weiß = 30%, Schwarz = 75%.} 0-1

[Event "CRO Team Cup 2018"]
[Site "Mali Losinj"]
[Date "2018.05.19"]
[Round "2.9"]
[White "Biti, Ozren"]
[Black "Bosiocic, Marin"]
[Result "1-0"]
[WhiteElo "2362"]
[BlackElo "2597"]
[Annotator "TA"]
[PlyCount "125"]
[EventDate "2018.??.??"]
[EventType "team-tourn"]
[EventCountry "CRO"]
[SourceTitle "playchess.com"]
[Source "ChessBase"]
[SourceQuality "1"]

{[%evp 17,125,10,33,20,26,25,43,8,21,2,0,0,0,-8,0,0,0,0,0,-10,-10,-9,-9,-20,0,0,6,-9,5,0,0,0,0,-8,0,0,0,-5,0,0,0,0,0,0,0,0,0,0,0,0,0,0,0,0,0,0,8,0,3,0,12,9,16,14,21,0,46,0,77,104,93,95,99,91,93,93,157,173,171,172,187,167,260,243,454,456,388,356,375,349,458,469,585,629,595,539,658,652,702,681,951,867,787,775,1413,1415,1316,1264,1725,1552]} 1. e4 d6 2. d4 Nf6 3. Nc3 g6 4. Nf3 Bg7 5. h3 O-O 6. Be3 c6 7. Bd3 Qc7 8. O-O Nbd7 9. a4 b6 {LiveBook: 15 Partien. B08: Pirc-Ufimzew-Verteidigung} 10. Re1 e5 11. Qd2 (11. dxe5 dxe5 12. Bc4 a6 13. Qe2 Bb7 14. Ba2 b5 15. axb5 cxb5 16. Nd2 b4 17. Nd5 Bxd5 18. exd5 Qxc2 19. Bb3 Qc8 20. Rec1 {1-0 (50) Grischuk,A (2763)-Bologan,V (2732) Astana 2012}) 11... a6 {Weiß hat minimalen Vorteil.} 12. Bh6 Bb7 13. Bf1 Rfe8 14. Bxg7 Kxg7 15. Rad1 b5 16. dxe5 $146 ({Vorgänger:} 16. g4 Rad8 17. Bg2 Nf8 18. Nh4 Ne6 19. Ne2 {0-1 (35) Nikolaiczuk,L (2275)-Mohr,S (2470) Schoeneck 1988}) 16... dxe5 17. Qe3 Rad8 18. Rd2 Nf8 19. Red1 Rxd2 20. Rxd2 N6d7 21. Rd1 Nb6 22. b3 f6 23. h4 Rd8 24. Rxd8 Qxd8 25. Qd2 Qxd2 26. Nxd2 Kf7 27. axb5 cxb5 28. b4 Ke7 29. f3 Ne6 30. Nd1 Nd4 31. c3 Nc6 32. Kf2 Bc8 33. Ke3 Be6 34. g3 Nd8 35. Nb2 Nc6 36. Nd1 Na4 37. Be2 Kd6 38. Kd3 f5 39. Ke3 Ne7 40. Bf1 Kc6 41. Be2 Kb6 42. Bf1 Nc8 {[#]} (42... Kc6 $11) 43. f4 $1 $16 exf4+ 44. Kxf4 fxe4 45. Nxe4 Ne7 46. Ke5 Bg4 {[#]} (46... Ba2 $142) 47. Ndf2 $1 {[%cal Rf2g4]} Bf3 48. Bh3 Kc6 49. Be6 h5 (49... Be2 $142 50. Ng4 Bd3) 50. Bf7 $18 Be2 $2 (50... Nb6 51. Ke6 Nbd5 52. Be8+ Kc7 53. Bxg6 Nxg6) 51. Ke6 Nf5 52. Bxg6 Ne3 53. Ke5 Kb6 54. Nh3 {Weiß steht klar auf Gewinn.} Ng4+ 55. Kd4 Nh6 56. Nf4 Bg4 57. Bxh5 Bxh5 58. Nxh5 {KSS-KSS} a5 59. Nhf6 Nf5+ 60. Ke5 Ng7 61. g4 Nb2 62. bxa5+ Kxa5 63. Nd5 {Precision: Weiß = 71%, Schwarz = 44%.} 1-0

[Event "CRO Team Cup 2018"]
[Site "Mali Losinj"]
[Date "2018.05.19"]
[Round "2.10"]
[White "Tica, Sven"]
[Black "Medak, Bojan"]
[Result "1-0"]
[WhiteElo "2444"]
[BlackElo "2380"]
[Annotator "TA"]
[PlyCount "67"]
[EventDate "2018.??.??"]
[EventType "team-tourn"]
[EventCountry "CRO"]
[SourceTitle "playchess.com"]
[Source "ChessBase"]
[SourceQuality "1"]

{[%evp 10,67,30,30,36,30,15,22,28,31,41,25,27,35,63,47,41,43,63,47,56,48,43,30,32,36,72,78,77,58,141,136,121,133,133,109,125,91,138,112,140,139,226,223,244,242,241,155,245,247,522,529,492,122,837,830,29992,29993,29994,29995]} 1. d4 d6 2. Nf3 g6 3. g3 Bg7 4. c4 c5 5. d5 b5 (5... Bg4 6. Nfd2 Qc8 7. h3 Bd7 8. Bg2 Nf6 9. Nc3 O-O 10. g4 Na6 11. O-O h5 12. f3 hxg4 13. hxg4 {1-0 (24) Grachev,B (2675)-Popov,I (2613) Olginka 2011}) 6. cxb5 {LiveBook: 34 Games. A41: 1 d4 d6: Tartakower System and Modern Defence} Qa5+ 7. Bd2 $146 ({Predecessor:} 7. Nc3 Nf6 8. Bd2 a6 9. bxa6 O-O 10. Bg2 Bxa6 11. O-O Nbd7 12. b3 Rfb8 13. a4 Ng4 14. Qc2 c4 15. b4 Qxb4 16. h3 Nge5 17. Nd4 Qb2 18. Qd1 Nc5 19. Rb1 Qa3 20. Ra1 Qb2 21. Rb1 Qa3 22. Ra1 {½-½ (22) Hulak,K (2532)-Jovanovic,Z (2558) Rijeka 2009}) 7... Qxb5 8. Nc3 {The position is equal.} Qb7 9. Bg2 Na6 10. O-O Nf6 11. e4 {Threatens to win with e5.} Nd7 12. b3 Nc7 13. Rc1 Nb5 14. Nxb5 Qxb5 15. Bc3 O-O 16. Re1 Bxc3 17. Rxc3 Nb6 18. Qd2 Bg4 19. e5 Qa5 ({Black should play} 19... f6 $14) 20. Re4 $16 Bxf3 21. Bxf3 {Black must now prevent Qh6!} dxe5 (21... Nxd5 {[#]} 22. Rh4 $3 {[%mdl 512]}) 22. Rxe5 Rfe8 23. Qc2 c4 24. Rce3 cxb3 25. Qxb3 Nd7 (25... Rac8 $16) 26. Rxe7 $18 Rxe7 27. Rxe7 Rb8 28. Qe3 ({Worse is} 28. Rxd7 Rxb3 29. axb3 Kg7 $11) 28... Rb1+ (28... Qa6 $16 29. Re8+ Rxe8 30. Qxe8+ Nf8) 29. Kg2 Qb5 $2 (29... Qa6 {was called for.} 30. g4 Qd6 31. Re8+ Kg7 32. Qxa7 h5) 30. g4 {[#] Strongly threatening Qf4.} Nf6 31. Qe5 $2 $40 {[%mdl 128] White is out for blood.} (31. g5 $18 {and White stays clearly on top.} Qf1+ 32. Kg3 Qg1+ 33. Kh3 Qf1+ 34. Bg2) 31... Rh1 $2 {[%mdl 8192]} (31... Qf1+ $16 32. Kg3 Qg1+ 33. Bg2 Rb4) 32. Be2 Qb1 33. Qxf6 {[%cal Re7e8]} Qg1+ 34. Kf3 {Precision: White = 68%, Black = 34%.} 1-0